| 000 | 01108nam a2200289 a 4500 | ||
|---|---|---|---|
| 001 | BRCA_8542 | ||
| 005 | 20190320210327.0 | ||
| 008 | 110816s1564----gw-a######---#000-0#lat-# | ||
| 041 | _alat | ||
| 044 | _agw | ||
| 050 | 4 |
_aBS2565. A25 _b.H46 _c1564 |
|
| 100 | 1 |
_aHemmingivm, Nicolavm _921415 |
|
| 245 | 1 | 0 |
_aDominicis diebus, in festis sanctorum, usitate in ecclesis dei pronponuntur, in gratiam piorum mimstrotum evangely conseripta _cNicolavm Hemmingivm. |
| 260 |
_aVitebergae _bExcvdebat iohannes crato _c1564 |
||
| 300 |
_a845 p. _bil. _c17 cm |
||
| 500 | _aFondo antiguo | ||
| 500 | _aSe encuentra en Caja Fuerte | ||
| 500 | _aP-128 | ||
| 500 | _aIncluye prefacio | ||
| 500 | _aCon Ex-libris de: Franz Mayer | ||
| 500 | _aEstado físico: la portada presenta una mancha, algunas páginas del prefacio están desprendidas de los cuadernillos | ||
| 500 | _aNota de encuadernación: en madera, con broches de metal con piel | ||
| 506 | 0 | _aFondo reservado: para su consulta es necesario credencial de usuario y carta de motivos | |
| 650 | 1 | 4 |
_aSermones _921350 |
| 902 | _aLAR | ||
| 942 |
_2lcc _cB |
||
| 999 |
_c8206 _d8206 |
||